000 00360nam a2200145 i 4500
001 bg
100 1 _aKREYSER, Ryszard
245 0 _aFotografowanie na odwracalnych materiaƂach barwnych /
_cRyszard Kreyser.
250 _aWyd.2.
260 _aWarszawa,
_c1977.
040 _cBPK
041 _apol
942 _cKS
008 s pl f |000 0 pol
999 _c17287
_d17287
856 _uhttp://koha.tu.koszalin.pl/cgi-bin/koha/opac-detail.pl?biblionumber=17287
_yKatalog online BPK